000 00261nam a22001217a 4500
008 180209b xxu||||| |||| 00| 0 eng d
041 _aeng
080 _a941
100 _a16
101 _aHIS
245 _aThe World of Pharaohs
_cHobson, CH
942 _2udc
_cBK
999 _c42201
_d42201